00562cam a22002291 4500001001300000003000400013005001700017008004100034010001700075035002000092040001800112042001200130050001700142100003000159245001900189260001100208300001900219500001400238650001800252710004500270999001700315sa 64006418 DLC20260227112039.0890724s1964 ii 000 0 hino  asa 64006418  a(OCoLC)20061584 aDLCcWaUdDLC apremarc00aPK2057b.B471 aBharadwaj, Ramdat,d1902-10aR̥tambharā. c[1964] a157 p.c19 cm. aIn Hindi. 0aHindi poetry.2 aBhāratīya Sāhitytakāra Saṅgha. c59687d59687